Brawl Stars Esports Teams #3 - Statistics

General Stats
  • This quiz has been taken 34 times
  • The average score is 10 of 16
Answer Stats
Picture Answer % Correct
LOUD
96%
Team Heretics
96%
NOVO Esports
87%
Gen.G
83%
Papara Supermassive
83%
Team Elektros
83%
Vatic Gaming
70%
Eternal Esports
65%
Inner Circle
65%
Effort Result
48%
Upcore Esports
48%
Frenzy Gaming
43%
ZEST
35%
Crows Nest Esports
30%
Rising Sun Esports
22%
VN Esporting
17%
No matching quizzes found
Score Distribution
Percent of People with Each Score
Percentile by Number Answered
Your Score History
You have not taken this quiz